[Event "BI-2010-F-00010"]
[Site "LSS email"]
[Date "2011.02.21"]
[Round "?"]
[White "Szava, Miklos"]
[Black "Pott, Brian"]
[Result "0-1"]
[WhiteElo "2043"]
[BlackElo "1715"]
[PlyCount "122"]
[EventDate "2011.02.24"]
[EventType "tourn (corr)"]
[EventRounds "10"]
[EventCountry "GER"]
[SourceTitle "Telechess CBM 149"]
[Source "ChessBase"]
[SourceDate "2012.07.17"]
[SourceVersion "1"]
[SourceVersionDate "2012.07.17"]
[SourceQuality "1"]

1. e4 e5 2. Nf3 Nc6 3. Bb5 a6 4. Ba4 Nf6 5. 0-0 Be7 6. Re1 b5 7. Bb3 d6 8. c3 0-0 9. h3 Na5 10. Bc2 c5 11. d4 Qc7 12. Nbd2 cxd4 13. cxd4 Nc6 14. Nb3 a5 15. Be3 a4 16. Nbd2 Bd7 17. Rc1 Qb7 18. Qe2 Rfe8 19. Bd3 Rab8 20. dxe5 Nxe5 21. Nxe5 dxe5 22. Bc5 Bc6 23. Nf3 Bxc5 24. Rxc5 Nd7 25. Rc3 b4 26. Rc4 Nf6 27. Qe3 Qa8 28. Rc5 Nd7 29. Rcc1 Nf6 30. b3 Qb7 31. bxa4 Bxa4 32. Rc5 Nd7 33. Rc4 Qb6 34. Qxb6 Rxb6 35. Rc7 Kf8 36. Bc4 f6 37. Nd2 Rc6 38. Ra7 Nb6 39. Rf7+ Kg8 40. Rxf6+ Nxc4 41. Rxc6 Bxc6 42. Nxc4 Re6 43. Rb1 Bxe4 44. Rxb4 Bd5 45. a4 Bxc4 46. Rxc4 Kf7 47. Rc7+ Kf6 48. Ra7 Rb6 49. a5 Rb1+ 50. Kh2 Ra1 51. a6 Ra3 52. h4 e4 53. h5 h6 54. g4 Rf3 55. Kg2 Ra3 56. Kf1 Ra2 57. Kg1 Ra1+ 58. Kg2 Ra3 59. Kg1 Ra1+ 60. Kh2 Ra3 61. Kg2 g6 0-1

[Event "WC-2015-P-00011"]
[Site "LSS email"]
[Date "2011.02.20"]
[Round "?"]
[White "Manheimer, Gunter"]
[Black "Szava, Miklos"]
[Result "1-0"]
[WhiteElo "2016"]
[BlackElo "2044"]
[PlyCount "51"]
[EventDate "2011.02.24"]
[EventType "tourn (corr)"]
[EventRounds "6"]
[EventCountry "GER"]
[SourceTitle "Telechess CBM 153"]
[Source "ChessBase"]
[SourceDate "2013.03.14"]
[SourceVersion "1"]
[SourceVersionDate "2013.03.14"]
[SourceQuality "1"]

1. d4 Nf6 2. c4 g6 3. Nc3 d5 4. cxd5 Nxd5 5. e4 Nxc3 6. bxc3 Bg7 7. Nf3 0-0 8. Be2 c5 9. 0-0 Nc6 10. Be3 Qa5 11. Rc1 Bg4 12. d5 Ne5 13. Nxe5 Bxe2 14. Qxe2 Bxe5 15. c4 Rac8 16. f4 Bd4 17. Qd3 Bxe3+ 18. Qxe3 Qxa2 19. Rf2 Qa6 20. f5 Qf6 21. e5 Qh4 22. Rf4 Qh5 23. Rcf1 b6 24. f6 e6 25. R4f3 Qh4 26. Kh1 1-0

[Event "WC-2015-P-00011"]
[Site "LSS email"]
[Date "2011.02.20"]
[Round "?"]
[White "Szava, Miklos"]
[Black "De Waele, Willy"]
[Result "1/2-1/2"]
[WhiteElo "2044"]
[BlackElo "1990"]
[PlyCount "64"]
[EventDate "2011.02.24"]
[EventType "tourn (corr)"]
[EventRounds "6"]
[EventCountry "GER"]
[SourceTitle "Telechess CBM 153"]
[Source "ChessBase"]
[SourceDate "2013.03.14"]
[SourceVersion "1"]
[SourceVersionDate "2013.03.14"]
[SourceQuality "1"]

1. e4 c5 2. Nf3 d6 3. d4 cxd4 4. Nxd4 Nf6 5. Nc3 a6 6. Bc4 e6 7. 0-0 Be7 8. Bb3 b5 9. f4 0-0 10. e5 dxe5 11. fxe5 Nfd7 12. Be3 Nxe5 13. Qh5 Nbc6 14. Nxc6 Nxc6 15. Rf3 Qd6 16. Rh3 h6 17. Rg3 Qe5 18. Qxe5 Nxe5 19. Bxh6 Ng6 20. Bg5 Bb7 21. Bxe7 Nxe7 22. Rd3 Rfd8 23. Rad1 Rxd3 24. Rxd3 Kf8 25. Ne2 Nf5 26. g4 Be4 27. Rd2 Nh4 28. Nd4 g5 29. Kf2 Kg7 30. Ke3 Bh1 31. c4 Rb8 32. Kf2 bxc4 1/2-1/2

[Event "CP-2010-P-00056"]
[Site "LSS email"]
[Date "2010.09.28"]
[Round "?"]
[White "Loehr, Roland"]
[Black "Szava, Miklos"]
[Result "1-0"]
[WhiteElo "1940"]
[BlackElo "2043"]
[PlyCount "75"]
[EventDate "2010.10.01"]
[EventType "tourn (corr)"]
[EventRounds "6"]
[EventCountry "GER"]
[SourceTitle "Telechess CBM 151"]
[Source "ChessBase"]
[SourceDate "2012.11.13"]
[SourceVersion "1"]
[SourceVersionDate "2012.11.13"]
[SourceQuality "1"]

1. c4 e5 2. g3 Nf6 3. Bg2 Nc6 4. Nc3 g6 5. d3 Bg7 6. e4 0-0 7. Nge2 d6 8. 0-0 Nh5 9. Nd5 f5 10. exf5 Bxf5 11. h3 Be6 12. g4 Nf6 13. Bg5 Qd7 14. f4 h5 15. fxe5 Nh7 16. Qd2 hxg4 17. Nd4 Bxd5 18. Bxd5+ Kh8 19. Ne6 Rxf1+ 20. Rxf1 Nxe5 21. Nxg7 Qxg7 22. Bh6 Qe7 23. d4 Nf3+ 24. Bxf3 gxf3 25. Rxf3 Qh4 26. Qf4 Qxf4 27. Rxf4 Kg8 28. Kf2 Re8 29. Rf3 Re4 30. Be3 Nf8 31. Ke2 Ne6 32. Kd3 Rh4 33. b4 Ng7 34. Bf2 Rh5 35. d5 a6 36. a4 Nf5 37. a5 Rh7 38. Be1 1-0